Statystyki dla Wpisz pasujące państwo

Kliknij tutaj aby rozwiązać quiz!

Ogólne statystyki

  • Ten quiz został rozwiązany 141 razy
    (107 od ostatniego zresetowania)
  • Średni wynik to 19 z 24

Statystyki odpowiedzi

Odpowiedź% Poprawnych
Państwo wyspiarskie w Europie:Islandia/Wielka Brytania/Malta/Irlandia
98%
Państwa w których trwa wojna:Syria/Sudan/Afganistan/Libia/Demokratyczna Republika Konga
97%
Państwa zawierające kierunek świata w nazwie:Korea Północna/Korea Południowa/Timor Wschodni/Republika Południowej Afryki/Macedonia Północna/Sudan Południowy
97%
Największe kraje wyspiarskie (ludność):Indonezja/Filipiny/Madagaskar/Tajwan/Australia/Sri Lanka
95%
Państwa (w Europie) z taką sama nazwą i stolicą:Watykan/San Marino/Monako/Luksemburg/Andora
94%
Leżące na półwyspie arabskim:Arabia Saudyjska/Jemen/Zjednoczone Emiraty Arabskie/Oman/Katar/Kuwejt/Bahrajn/Irak/Jordania
94%
Przez którą płynie Mekong:Chiny/Mjanma/Wietnam/Kambodża/Laos/Tajlandia
94%
Będące komunistyczne:Korea Północna/Nepal/Laos/Kuba/Chiny/Wietnam/Zimbabwe
93%
Zaczynające się na niepowtarzalną literę:Łotwa/Vanuatu/Oman
90%
Państwa najbardziej wysyłające (nielegalnie) narkotyki:Kolumbia/Meksyk/Laos/Afganistan
89%
Państwa posiadające największy przyrost naturalny:Niger/Uganda/Burundi/Zjednoczone Emiraty Arabskie/Etiopia
83%
Państwo z jednym sąsiadem w Afryce:Lesotho/Gambia
83%
Będące jednym z najmłodszych państw:Sudan Południowy/Czarnogóra/Timor Wschodni/Palau
81%
Państwa posiadające najniższą gęstość zaludnienia:Mongoia/Botswana/Namibia/Australia/Kanada
81%
Będące sułtanatem:Brunei/Oman
79%
Nieuznawane państwa na terenie Azji:Abchazja/Osetia Południowa/Górski Karabach/Tajwan/Palestyna/Cypr Północny
78%
Państwa walczące o tereny Sahary Zachodniej:Mauretania/Maroko
74%
Państwa zaczynające się na dwie samogłoski:Australia/Austria
69%
Jedne z najsłabiej rozwiniętych państw:Republika Środkowoafrykańska/Niger/Czad/Burkina Faso
69%
Najlepiej rozwinięte państwa Afryki:Botswana/Gwinea Równikowa/Tunezja/Ghana/Zambia
65%
Państwa zalewane przez ocean/morze:Malediwy/Wyspy Marshalla/Tuvalu/Kiribati/Vanuatu
61%
Państwa które zmieniły nazwę po 2010 roku:Mjanma/Eswatini
60%
Państwa ze stolicą na niepowtarzalną literę:Nauru/Chorwacja/Ekwador/Pakistan/Armenia/Mongolia
56%
Kraje podwójnie śródlądowe:Liechtenstein/Uzbekistan
47%

Rozkład punktacji

Percentyl według liczby udzielonych odpowiedzi

Procent ludzi z każdym wynikiem

Twoja historia wyników

Nie rozwiązałeś tego quizu od ostatniego zresetowania